| 000 | 00789cam a22002773a 4500 | ||
|---|---|---|---|
| 001 | 17547 | ||
| 003 | PGUSA | ||
| 005 | 20140828083356.0 | ||
| 008 | 060118s2006||||xxu|||||s|||||000 | eng d | ||
| 040 |
_aPGUSA _beng |
||
| 042 | _adc | ||
| 050 | 4 | _aV | |
| 100 | 1 |
_aFiske, Bradley A. _q(Bradley Allen), _d1854-1942 |
|
| 245 | 1 | 4 |
_aThe Navy as a Fighting Machine _h[electronic resource] / _cBradley A. Fiske |
| 260 |
_bProject Gutenberg, _c2006 |
||
| 506 | _aPublic domain in the USA. | ||
| 516 | _aElectronic text | ||
| 653 | _aNaval art and science | ||
| 653 | _aSea-power | ||
| 653 | _aNaval strategy | ||
| 653 | _aNavies | ||
| 653 | _aUnited States. Navy -- Management | ||
| 830 | 0 |
_aProject Gutenberg _v17547 |
|
| 856 | 4 | 0 | _uhttp://www.gutenberg.org/ebooks/17547 |
| 942 | _cEB | ||
| 999 |
_c246802 _d246802 |
||